|
|
|
|
| LEADER |
00000nam a22000007a 4500 |
| 005 |
20190723235058.0 |
| 007 |
cr|||| |||| |
| 008 |
190723s2018 br |||||s|||| 00||0 por d |
| 020 |
|
|
|a 978-85-7789-363-8
|
| 035 |
|
|
|a 23854
|
| 040 |
|
|
|a vLex
|
| 090 |
|
|
|c 9059
|d 9059
|
| 100 |
1 |
|
|a Carradore, Enir Antonio
|
| 245 |
1 |
0 |
|a Nova CLT Comparada e Anotada
|h [Recurso electrn̤ico] :
|b O que muda na prt̀ica com a Reforma Trabalhista /
|c Enir Antonio Carradore
|
| 256 |
|
|
|a Servicio en ln̕ea
|
| 260 |
|
|
|a San Pablo:
|b JH Mizuno,
|c 2018
|
| 300 |
|
|
|a 1 recurso electrn̤ico
|
| 500 |
|
|
|a As alteraė̳s da CLT, promovidas pela Lei 13.467/17 e Medida Provisr̤ia 808/17, tm̊ aparn̊cia predominante de avesso das sm︢ulas do TST. A jurisprudn̊cia ̌considerada fonte propulsora do Direito, o que deixa os operadores jurd̕icos espantados com a “Nova CLT”, criada com rapidez e sem maiores debates. De todo modo, esta obra contribui para situar diante dos olhos a lei revogada ou alterada, a lei atual e as sm︢ulas e orientaė̳s jurisprudenciais do TST colocadas em xeque ou, em menor escala, recepcionadas. O livro est ̀organizado de forma didt̀ica, como se fosse uma palestra de atualizaȯ̂ para ser absorvida rapidamente. Os comentr̀ios e a metodologia estô fundados em mais de 25 anos de experin̊cia de advocacia trabalhista e mais de uma dčada de aulas de Direito Processual do Trabalho. Esta Segunda Ediȯ̂ ren︢e tambm̌ Enunciados da ANAMATRA e a proposta de revisô da jurisprudn̊cia consolidada elaborada pela Comissô de Jurisprudn̊cia e Precedentes Normativos do TST.
|
| 506 |
1 |
|
|a Disponible solo en los productos indicados
|d vLex Global
|d vLex Global (Academic Edition, excluding Law Schools)
|d vLex Global (U.S. Academic Edition, Law Schools)
|d vLex Global (U.S. Academic Edition, excluding Law Schools)
|d vLex Global (Academic Edition, Law Schools)
|
| 650 |
0 |
4 |
|a Derecho Laboral y Seguridad Social
|z Brasil
|
| 650 |
0 |
4 |
|a Procedimiento Laboral
|z Brasil
|
| 740 |
0 |
|
|a vLex Libros (Servicio en ln̕ea)
|
| 856 |
4 |
0 |
|u http://vlex.com/source/nova-clt-comparada-e-anotada-o-que-muda-na-pratica-com-a-reforma-trabalhista-23854
|z Acceso restringido
|
| 942 |
|
|
|c BOOK
|
| 999 |
0 |
|
|a Labor Law and Social Security
|
| 999 |
0 |
|
|a Labor Procedure
|